[Event "36th ECC Open 2021"]
[Site "Struga MKD"]
[Date "2021.09.19"]
[Round "2.19"]
[Board "5"]
[White "Novak, Vjekoslav"]
[Black "Jakobsen, Peter"]
[Result "0-1"]
[BlackTitle "FM"]
[WhiteElo "1721"]
[BlackElo "2202"]
[WhiteTeam "St Benildus"]
[BlackTeam "Nordkalotten"]
[WhiteFideId "14511584"]
[BlackFideId "1401440"]
[EventDate "2021.09.18"]
[EventType "team"]

1. f4 d5 2. Nf3 g6 3. c4 c6 4. e3 Bg7 5. d4 Nf6 6. Nc3 O-O 7. Bd3 Bg4 8. h3 Bxf3
9. Qxf3 e6 10. O-O Nbd7 11. Bd2 dxc4 12. Bxc4 c5 13. dxc5 Nxc5 14. Be1 Qb6 15.
Rb1 Rad8 16. Kh1 Nd3 17. Bh4 Qb4 18. Bxd3 Rxd3 19. Rfd1 Rxd1+ 20. Qxd1 Ne4 21.
Qd3 Nc5 22. Qd1 Re8 23. Be1 Qc4 24. Qe2 Qxe2 25. Nxe2 Rd8 26. Kg1 Bxb2 27. Nd4
Bxd4 28. exd4 Rxd4 29. Bf2 Rc4 30. Bxc5 Rxc5 31. Rxb7 Ra5 32. Rb2 Ra4 33. g3 h5
34. Kg2 h4 35. Rd2 hxg3 36. Kxg3 Kg7 37. Re2 Kf6 38. Kf3 Rc4 39. h4 a5 40. Re5
Rc3+ 41. Kg4 Ra3 42. Re2 Rd3 43. Re5 Rd5 44. a4 Rxe5 45. fxe5+ Kxe5 46. Kg5 0-1

[Event "36th ECC Open 2021"]
[Site "Struga MKD"]
[Date "2021.09.19"]
[Round "2.19"]
[Board "6"]
[White "Andersen, Peter Vestergaard"]
[Black "Cooney, Brendan"]
[Result "1/2-1/2"]
[WhiteElo "1833"]
[BlackElo "1818"]
[WhiteTeam "Nordkalotten"]
[BlackTeam "St Benildus"]
[WhiteFideId "1415760"]
[BlackFideId "2508702"]
[EventDate "2021.09.18"]
[EventType "team"]

1. e4 e6 2. d4 d5 3. exd5 exd5 4. Bf4 Nf6 5. Bd3 c5 6. Bxb8 Rxb8 7. Bb5+ Bd7 8.
Bxd7+ Qxd7 9. Ne2 Bd6 10. O-O O-O 11. c3 Rfe8 12. dxc5 Bxc5 13. Nd4 Re4 14. Nd2
Rh4 15. N2f3 Rh6 16. Re1 Qg4 17. Ne5 Qh4 18. Nef3 Qg4 19. Ne5 Qh4 20. Nef3 1/2-1/2

[Event "36th ECC Open 2021"]
[Site "Struga MKD"]
[Date "2021.09.18"]
[Round "1.12"]
[Board "1"]
[White "Stefanovski, Dushan"]
[Black "Heimann, Andreas"]
[Result "1/2-1/2"]
[WhiteTitle "FM"]
[BlackTitle "GM"]
[WhiteElo "2222"]
[BlackElo "2587"]
[WhiteTeam "Gostivar"]
[BlackTeam "Schachgesellschaft Riehen"]
[WhiteFideId "15000320"]
[BlackFideId "24624632"]
[EventDate "2021.09.18"]
[EventType "team"]

1. e4 c6 2. Nc3 d5 3. Nf3 Bg4 4. h3 Bxf3 5. Qxf3 e6 6. d3 Nf6 7. g4 Qa5 8. Bd2
Bb4 9. a3 d4 10. Nb1 Bxd2+ 11. Nxd2 h5 12. Be2 Nbd7 13. O-O-O h4 14. Qf4 Ne5 15.
Nb3 Qc7 16. Qg5 O-O-O 17. Qxg7 Nxd3+ 18. Kb1 Qf4 19. Qxf7 Rd7 20. Qxe6 Re8 21.
Qc4 Nxf2 22. Rhf1 N6xe4 23. Rxd4 Rxd4 24. Qxd4 c5 25. Qd5 Qe5 26. Qf7 Re7 27.
Qf3 Qe6 28. Bd3 c4 29. Rxf2 cxd3 30. Rg2 Rd7 31. cxd3 Nc3+ 32. bxc3 Qxb3+ 33.
Rb2 Qxa3 34. Qe4 Qd6 35. d4 Re7 36. Qf5+ Kb8 37. Qf8+ Kc7 38. Qf2 Qg6+ 39. Ka2
Qa6+ 40. Kb1 Qd3+ 41. Ka2 Qc4+ 42. Kb1 Rf7 43. Qe3 1/2-1/2

[Event "36th ECC Open 2021"]
[Site "Struga MKD"]
[Date "2021.09.18"]
[Round "1.12"]
[Board "2"]
[White "Cvitan, Ognjen"]
[Black "Miljkovic, Mihajlo"]
[Result "1-0"]
[WhiteTitle "GM"]
[WhiteElo "2470"]
[BlackElo "2217"]
[WhiteTeam "Schachgesellschaft Riehen"]
[BlackTeam "Gostivar"]
[WhiteFideId "14500086"]
[BlackFideId "922757"]
[EventDate "2021.09.18"]
[EventType "team"]

1. d4 d5 2. c4 e6 3. Nc3 Nf6 4. cxd5 exd5 5. Bg5 Be7 6. e3 Nbd7 7. Bd3 Nf8 8.
Nf3 Ne6 9. Bh4 g6 10. O-O Ng7 11. Ne5 c6 12. h3 Bf5 13. b4 a6 14. Rb1 Nd7 15.
Bxe7 Qxe7 16. Nxd7 Qxd7 17. a4 b5 18. e4 dxe4 19. Bxe4 O-O 20. d5 Bxe4 21. Nxe4
Qf5 22. Re1 cxd5 23. Qxd5 Rfd8 24. Qb3 Rd4 25. Qe3 Rad8 26. axb5 axb5 27. g4 Qe6
28. Qf3 f5 29. gxf5 Nxf5 30. Nc5 Qd5 1-0

[Event "36th ECC Open 2021"]
[Site "Struga MKD"]
[Date "2021.09.18"]
[Round "1.12"]
[Board "3"]
[White "Dinev, Dejan"]
[Black "Breder, Dennis"]
[Result "0-1"]
[WhiteTitle "FM"]
[BlackTitle "IM"]
[WhiteElo "2204"]
[BlackElo "2463"]
[WhiteTeam "Gostivar"]
[BlackTeam "Schachgesellschaft Riehen"]
[WhiteFideId "15000095"]
[BlackFideId "4636945"]
[EventDate "2021.09.18"]
[EventType "team"]

1. e4 e5 2. Nc3 Nc6 3. Bc4 Nf6 4. d3 Na5 5. f4 Nxc4 6. dxc4 Bb4 7. Qd3 Qe7 8.
Ne2 exf4 9. O-O g5 10. Nxf4 gxf4 11. Bxf4 Bxc3 12. Qxc3 Rg8 13. Rae1 b6 14. b3
Bb7 15. Bxc7 Nxe4 16. Qd4 Qe6 17. Rf6 Rxg2+ 18. Kxg2 Nxf6+ 19. Kf1 Ne4 20. Re2
d6 21. a4 Qf5+ 22. Ke1 Kd7 23. c5 bxc5 0-1

[Event "36th ECC Open 2021"]
[Site "Struga MKD"]
[Date "2021.09.18"]
[Round "1.12"]
[Board "4"]
[White "Brunner, Nicolas"]
[Black "Miftari, Hedon"]
[Result "1-0"]
[WhiteTitle "IM"]
[WhiteElo "2425"]
[BlackElo "2002"]
[WhiteTeam "Schachgesellschaft Riehen"]
[BlackTeam "Gostivar"]
[WhiteFideId "620246"]
[BlackFideId "15007065"]
[EventDate "2021.09.18"]
[EventType "team"]

1. d4 Nf6 2. c4 e6 3. Nf3 d5 4. Nc3 Bb4 5. Bg5 h6 6. Bxf6 Qxf6 7. Qa4+ Nc6 8. e3
O-O 9. Be2 dxc4 10. O-O Bxc3 11. bxc3 e5 12. Qxc4 Qd6 13. Rfd1 exd4 14. cxd4 Bf5
15. Rac1 Rfd8 16. d5 Ne5 17. Qxc7 Nxf3+ 18. Bxf3 Qxc7 19. Rxc7 Rd7 20. Rdc1 Rxc7
21. Rxc7 Rc8 22. Rxc8+ Bxc8 23. Kf1 Kf8 24. Ke2 Ke7 25. Kd3 f5 26. Kd4 Kd6 27.
Be2 b6 28. f3 Bd7 29. e4 Ke7 30. e5 Be8 31. d6+ Kd8 32. e6 1-0

[Event "36th ECC Open 2021"]
[Site "Struga MKD"]
[Date "2021.09.18"]
[Round "1.12"]
[Board "5"]
[White "Stojkoski, Acko"]
[Black "Haag, Gregor"]
[Result "0-1"]
[WhiteElo "2104"]
[BlackElo "2370"]
[WhiteTeam "Gostivar"]
[BlackTeam "Schachgesellschaft Riehen"]
[WhiteFideId "15004260"]
[BlackFideId "24680931"]
[EventDate "2021.09.18"]
[EventType "team"]

1. e4 c5 2. Nf3 e6 3. e5 Nc6 4. Bb5 Nge7 5. O-O Qc7 6. Re1 a6 7. Bxc6 Nxc6 8. c3
b5 9. d4 Bb7 10. Bf4 Ne7 11. Nbd2 f5 12. Nf1 Qc6 13. Re2 g5 14. Bd2 f4 15. Ne1
Nf5 16. Bc1 Nh4 17. Rd2 h5 18. a4 g4 19. axb5 axb5 20. Rxa8+ Bxa8 21. b3 Rg8 22.
Ra2 Bb7 23. Bxf4 Nxg2 24. d5 exd5 25. Nxg2 d4 26. f3 gxf3 27. cxd4 f2+ 0-1

[Event "36th ECC Open 2021"]
[Site "Struga MKD"]
[Date "2021.09.18"]
[Round "1.12"]
[Board "6"]
[White "Heinz, Timothee"]
[Black "Vladimirov, Vladimir MKD"]
[Result "1-0"]
[WhiteTitle "FM"]
[WhiteElo "2394"]
[BlackElo "2169"]
[WhiteTeam "Schachgesellschaft Riehen"]
[BlackTeam "Gostivar"]
[WhiteFideId "623369"]
[BlackFideId "15001040"]
[EventDate "2021.09.18"]
[EventType "team"]

1. c4 g6 2. g3 Bg7 3. Bg2 Nf6 4. Nf3 c5 5. O-O O-O 6. Nc3 Nc6 7. d4 cxd4 8. Nxd4
Qb6 9. Nc2 d6 10. b3 Be6 11. e4 Rac8 12. h3 a6 13. Be3 Qa5 14. Nd5 Nd7 15. Bd2
Qc5 16. Rc1 Bxd5 17. exd5 Ncb8 18. Qe2 Rfe8 19. Be3 Qa5 20. Nd4 Nf6 21. Rc2 Nbd7
22. Rb1 Qa3 23. Qe1 b5 24. cxb5 Rxc2 25. Nxc2 Qxa2 26. Nb4 Qa3 27. bxa6 Ra8 28.
Bf1 Nc5 29. Bc4 Nfe4 30. Nc2 Qa2 31. Nb4 Qa3 32. Nc6 Nc3 33. Rc1 Na2 34. Rc2
Nxb3 35. Qb1 Nc3 36. Qxb3 Qxb3 37. Bxb3 Rxa6 38. Nxe7+ Kf8 39. Nc6 Ra1+ 40. Kg2
Ra3 41. Bc4 Ra4 42. Rb2 Bf6 43. Rb8+ Kg7 44. Rb4 Ra1 45. Bb3 Ne2 46. h4 Rb1 47.
Bc4 Rg1+ 48. Kh2 Re1 49. Bxe2 Rxe2 50. Kg2 Re1 51. Bf4 Be5 52. Bxe5+ dxe5 53. d6
Rd1 54. Rd4 exd4 55. d7 Rc1 56. Nxd4 1-0

[Event "36th ECC Open 2021"]
[Site "Struga MKD"]
[Date "2021.09.19"]
[Round "2.12"]
[Board "1"]
[White "Kjartansson, Gudmundur"]
[Black "Stefanovski, Dushan"]
[Result "1/2-1/2"]
[WhiteTitle "GM"]
[BlackTitle "FM"]
[WhiteElo "2447"]
[BlackElo "2222"]
[WhiteTeam "Reykjavik"]
[BlackTeam "Gostivar"]
[WhiteFideId "2301318"]
[BlackFideId "15000320"]
[EventDate "2021.09.18"]
[EventType "team"]

1. c4 Nf6 2. Nc3 c5 3. g3 Nc6 4. Bg2 e6 5. Nf3 Be7 6. O-O O-O 7. d4 cxd4 8. Nxd4
d5 9. cxd5 exd5 10. b3 Qb6 11. Nxc6 bxc6 12. Na4 Qb5 13. Bb2 Bg4 14. f3 Be6 15.
Rc1 Rac8 16. Qd3 Qxd3 17. exd3 Nd7 18. d4 Rfe8 19. Rfd1 Nb6 20. Nc5 Nd7 21. Nxe6
fxe6 22. Bf1 Bd6 23. Rd2 Nb8 24. f4 Rc7 25. Kg2 g6 26. Bd3 Kf7 27. h4 h5 28. Re2
Rb7 29. Kf3 Kf6 30. Rg1 Rf7 31. Rc2 Kg7 32. Bc1 Ref8 33. Re2 Kf6 34. Bd2 Re7 35.
Rc1 Ba3 36. Rg1 Bd6 37. Be3 Kg7 38. g4 Bxf4 39. Bxf4 Ref7 40. gxh5 Rxf4+ 41. Ke3
R8f6 42. Reg2 Rxh4 43. Rxg6+ Rxg6 44. Rxg6+ Kf7 45. h6 Rh3+ 46. Ke2 Rh2+ 47. Kd1
Rh1+ 48. Kd2 Rh2+ 49. Kc3 c5 50. Rg7+ Kf6 51. dxc5 Nc6 52. Bb5 Rh3+ 53. Kb2 Rxh6
54. Rb7 Rh2+ 55. Ka3 Nd4 56. Bd7 Rc2 57. b4 a5 58. bxa5 Rxc5 1/2-1/2

[Event "36th ECC Open 2021"]
[Site "Struga MKD"]
[Date "2021.09.19"]
[Round "2.12"]
[Board "2"]
[White "Miljkovic, Mihajlo"]
[Black "Sulypa, Oleksandr"]
[Result "0-1"]
[BlackTitle "GM"]
[WhiteElo "2217"]
[BlackElo "2455"]
[WhiteTeam "Gostivar"]
[BlackTeam "Reykjavik"]
[WhiteFideId "922757"]
[BlackFideId "14100487"]
[EventDate "2021.09.18"]
[EventType "team"]

1. d4 d5 2. c4 e6 3. Nc3 Bb4 4. cxd5 exd5 5. Nf3 Nf6 6. Qa4+ Nc6 7. Bg5 h6 8.
Bxf6 Qxf6 9. Ne5 O-O 10. Nxc6 Bxc3+ 11. bxc3 bxc6 12. e3 Qg6 13. f3 Rb8 14. Qa3
Qc2 15. Qc1 Qb2 16. Be2 Re8 17. Kf2 Ba6 18. Re1 Qxc1 19. Raxc1 Rb2 20. Rb1 Reb8
21. Rxb2 Rxb2 22. Kf1 Rxa2 23. Bxa6 Rxa6 24. Rb1 Ra3 25. Rb7 a5 26. Rxc7 Rxc3
27. Ra7 Rxe3 28. Rxa5 Rc3 29. Kf2 h5 30. Kg3 Rc4 31. Ra6 g5 32. Kf2 Kg7 33. Ke3
Rc2 34. g3 Rc3+ 35. Ke2 Rc2+ 36. Ke3 Rxh2 37. Rxc6 Rg2 38. Rd6 Rxg3 39. Kf2 Rh3
40. Rxd5 Kg6 41. Rd6+ Kf5 42. Rh6 g4 43. Kg2 Rxf3 44. Rxh5+ Ke4 45. d5 f5 46. d6
Rd3 47. Rh6 Ke5 0-1

[Event "36th ECC Open 2021"]
[Site "Struga MKD"]
[Date "2021.09.19"]
[Round "2.12"]
[Board "3"]
[White "Petursson, Margeir"]
[Black "Dinev, Dejan"]
[Result "1-0"]
[WhiteTitle "GM"]
[BlackTitle "FM"]
[WhiteElo "2442"]
[BlackElo "2204"]
[WhiteTeam "Reykjavik"]
[BlackTeam "Gostivar"]
[WhiteFideId "2300028"]
[BlackFideId "15000095"]
[EventDate "2021.09.18"]
[EventType "team"]

1. c4 g6 2. d4 Nf6 3. Nc3 d5 4. cxd5 Nxd5 5. Nf3 Bg7 6. e4 Nxc3 7. bxc3 c5 8.
Rb1 O-O 9. Be2 Nd7 10. O-O Re8 11. Bf4 b6 12. Bc4 e6 13. Re1 Bb7 14. Bb5 Qc7 15.
Qa4 Red8 16. Bg5 f6 17. Bh4 Nf8 18. e5 a6 19. Be2 b5 20. Qd1 Nd7 21. exf6 Nxf6
22. Qb3 cxd4 23. Nxd4 Bd5 24. Qa3 Rf8 25. Rbc1 e5 26. Nc2 Qb7 27. Ne3 Bc6 28. c4
b4 29. Qb3 a5 30. a3 Rab8 31. axb4 axb4 32. Bf1 Kh8 33. c5 Nd5 34. Nc4 Qc7 35.
Nd6 Nc3 36. Bg3 Bd5 37. Bc4 Qxc5 38. Rxe5 Bxc4 39. Nxc4 Qd4 40. Rce1 Rbc8 41.
Nb2 Rc5 42. R5e3 Rcf5 43. Nd3 Nd5 44. Re8 h5 45. Rxf8+ Rxf8 46. Ne5 Ne7 47. Nf7+
Kg8 48. Ng5+ Qd5 49. Qxb4 Nc6 50. Qd6 Qxd6 51. Bxd6 Rd8 52. Bc5 Bd4 53. Bxd4
Nxd4 54. h4 Nf5 55. g3 Rd2 56. Re6 Kg7 57. Ra6 Rd1+ 58. Kg2 Rd2 59. Ra7+ Kg8 60.
Kf3 Rb2 61. Ne4 Rb4 62. Rd7 Nd4+ 63. Ke3 Ne6 64. Nf6+ Kf8 65. Nh7+ Ke8 66. Nf6+
Kf8 67. Ra7 Rc4 68. Nd7+ Kg8 69. Ne5 Rc3+ 70. Kd2 Rb3 71. Nxg6 Nc5 72. Nf4 Ne4+
73. Ke2 Rb2+ 74. Ke3 Nxf2 75. Nxh5 Ng4+ 76. Kf4 Rb4+ 77. Kg5 Ne5 78. Kf5 Nc6 79.
Rc7 Rc4 80. Nf6+ Kf8 81. Nd5 Rc1 82. Rb7 Rc5 83. Ke4 Rc4+ 84. Ke3 Ne5 85. Nf6
Rc3+ 86. Ke4 1-0

[Event "36th ECC Open 2021"]
[Site "Struga MKD"]
[Date "2021.09.19"]
[Round "2.12"]
[Board "4"]
[White "Miftari, Hedon"]
[Black "Johannesson, Ingvar Thor"]
[Result "1/2-1/2"]
[BlackTitle "FM"]
[WhiteElo "2002"]
[BlackElo "2346"]
[WhiteTeam "Gostivar"]
[BlackTeam "Reykjavik"]
[WhiteFideId "15007065"]
[BlackFideId "2301490"]
[EventDate "2021.09.18"]
[EventType "team"]

1. e4 e6 2. d4 d5 3. Nd2 c5 4. exd5 Qxd5 5. Ngf3 cxd4 6. g3 Nc6 7. Bg2 g6 8. O-O
Bg7 9. Nb3 Qd8 10. Re1 Nge7 11. Bf4 O-O 12. Re4 Nd5 13. Be5 Nxe5 14. Nxe5 f6 15.
Nf3 e5 16. Nbxd4 Qb6 17. Nb3 Rd8 18. Qf1 Bf5 19. Re2 Rac8 20. Bh3 Bxh3 21. Qxh3
a5 22. Qh4 Nb4 23. c3 Nd3 24. Qa4 f5 25. Qxa5 Qc6 26. Ne1 Ra8 27. Qxa8 Rxa8 28.
Nxd3 Qb5 29. Rd2 Bh6 30. Rdd1 e4 31. Nd4 Qc4 32. Nb4 e3 33. f4 Bg7 34. Nbc2 Bxd4
35. Nxd4 Rxa2 36. Rxa2 Qxa2 37. Re1 Qxb2 38. Rxe3 b5 39. Ne2 Qd2 40. Kf2 Kf7 41.
Re5 b4 42. cxb4 Qxb4 43. h4 Qb6+ 44. Kf3 Qc6+ 45. Kf2 Qh1 46. Re3 Kf6 47. Re5 h6
48. Re3 Qh2+ 49. Kf1 g5 50. hxg5+ hxg5 51. Re5 Qh7 52. Kf2 Qa7+ 53. Kf1 Kg6 54.
Ke1 Qa6 55. Kd2 Qa1 56. Kd3 Qb1+ 57. Ke3 Qb3+ 58. Kd2 Qb2+ 1/2-1/2

[Event "36th ECC Open 2021"]
[Site "Struga MKD"]
[Date "2021.09.19"]
[Round "2.12"]
[Board "5"]
[White "Mai, Alexander Oliver"]
[Black "Stojkoski, Acko"]
[Result "1-0"]
[WhiteElo "2042"]
[BlackElo "2104"]
[WhiteTeam "Reykjavik"]
[BlackTeam "Gostivar"]
[WhiteFideId "2313391"]
[BlackFideId "15004260"]
[EventDate "2021.09.18"]
[EventType "team"]

1. e4 c6 2. Nc3 d5 3. Nf3 dxe4 4. Nxe4 Nf6 5. Qe2 Nxe4 6. Qxe4 Nd7 7. Bc4 Nf6 8.
Ne5 e6 9. Qe2 Be7 10. O-O O-O 11. Rd1 Qc7 12. d4 Rd8 13. Bf4 Bd6 14. Bg5 Be7 15.
Rd3 Nd5 16. Bxe7 Qxe7 17. Rf3 f6 18. Nd3 Nb6 19. Nf4 Rxd4 20. Bxe6+ Bxe6 21.
Nxe6 Rd5 22. Re3 Qd6 23. Qg4 Qd7 24. Rae1 Re8 25. h3 Re7 26. b3 Qd6 27. Nxg7 Rg5
28. Rxe7 Rxg4 29. hxg4 Nd5 30. Nf5 Qb4 31. Re8+ Kf7 32. c4 h5 33. cxd5 hxg4 34.
d6 g3 35. Nxg3 Qxd6 36. R8e7+ Qxe7 37. Rxe7+ Kxe7 1-0

[Event "36th ECC Open 2021"]
[Site "Struga MKD"]
[Date "2021.09.19"]
[Round "2.12"]
[Board "6"]
[White "Vladimirov, Vladimir MKD"]
[Black "Jonsson, Gauti Pall"]
[Result "1-0"]
[WhiteElo "2169"]
[BlackElo "2053"]
[WhiteTeam "Gostivar"]
[BlackTeam "Reykjavik"]
[WhiteFideId "15001040"]
[BlackFideId "2309092"]
[EventDate "2021.09.18"]
[EventType "team"]

1. g3 d5 2. Nf3 g6 3. Bg2 Bg7 4. O-O e5 5. d3 Nc6 6. Nc3 d4 7. Nb1 Nge7 8. c3
O-O 9. Nbd2 Be6 10. Qc2 Qd7 11. Nb3 b6 12. Bd2 a5 13. a4 Bh3 14. Rac1 Bxg2 15.
Kxg2 Rac8 16. cxd4 exd4 17. Qc4 h6 18. Rc2 Rfd8 19. Rfc1 Qf5 20. h3 g5 21. g4
Qg6 22. Qb5 Rd6 23. Rc4 Rf8 24. Rg1 Qe6 25. Kf1 Rd5 26. Qa6 Nb8 27. Qb7 c5 28.
h4 f6 29. Bc1 Qd6 30. Nbd2 Qd8 31. Rc2 Nec6 32. Nc4 Nb4 33. Rd2 Nd7 34. Rd1 Rf7
35. Bd2 Nf8 36. Qxb6 Qa8 37. Bxb4 axb4 38. a5 Ra7 39. Nfd2 Ra6 40. Qb5 Nd7 41.
Ne4 Rc6 42. Ra1 Qa6 43. Qxa6 Rxa6 44. Kg2 Bf8 45. Rh1 Kf7 46. Rh3 Ne5 47. Nxe5+
Rxe5 48. hxg5 fxg5 49. Rf3+ Ke8 50. Rf6 Ra7 51. Rf5 Re6 52. Nxc5 Rxe2 53. b3
Bxc5 54. Rxc5 Rf7 55. Rf5 Rxf5 56. gxf5 Re7 57. a6 Ra7 58. Re1+ Kf7 59. Re6 1-0

[Event "36th ECC Open 2021"]
[Site "Struga MKD"]
[Date "2021.09.20"]
[Round "3.1"]
[Board "1"]
[White "Mamedyarov, Shakhriyar"]
[Black "Korobov, Anton"]
[Result "1/2-1/2"]
[WhiteTitle "GM"]
[BlackTitle "GM"]
[WhiteElo "2762"]
[BlackElo "2685"]
[WhiteTeam "Alkaloid"]
[BlackTeam "Silla-Valencia Origin of Chess"]
[WhiteFideId "13401319"]
[BlackFideId "14105730"]
[EventDate "2021.09.18"]
[EventType "team"]

1. d4 d5 2. c4 c6 3. Nc3 Nf6 4. Nf3 dxc4 5. a4 Bf5 6. Ne5 Nbd7 7. Nxc4 Nb6 8.
Ne5 a5 9. Rg1 Nfd7 10. e4 Bg6 11. Nxg6 hxg6 12. Bg5 Qc7 13. e5 e6 14. Bd3 Rxh2
15. Qg4 Be7 16. Bxe7 Kxe7 17. Qg5+ Kf8 18. Bxg6 Rh6 19. Bc2 Qd8 20. Qg3 Qh4 21.
Qe3 Qg4 22. Bd1 Qg6 23. Bb3 Qg4 24. Bd1 Qg6 25. Bb3 Qg4 26. Bd1 Qg6 27. Bb3 Qg4 1/2-1/2

[Event "36th ECC Open 2021"]
[Site "Struga MKD"]
[Date "2021.09.20"]
[Round "3.1"]
[Board "2"]
[White "Shirov, Alexei"]
[Black "Shankland, Sam"]
[Result "1/2-1/2"]
[WhiteTitle "GM"]
[BlackTitle "GM"]
[WhiteElo "2652"]
[BlackElo "2720"]
[WhiteTeam "Silla-Valencia Origin of Chess"]
[BlackTeam "Alkaloid"]
[WhiteFideId "2209390"]
[BlackFideId "2004887"]
[EventDate "2021.09.18"]
[EventType "team"]

1. e4 c6 2. d4 d5 3. e5 Bf5 4. h4 h5 5. Bd3 Bxd3 6. Qxd3 e6 7. Bg5 Qb6 8. Nd2 c5
9. c4 Qxb2 10. Rd1 Nc6 11. cxd5 Qxd4 12. Qb5 Qb4 13. Qe2 Nd4 14. Qd3 exd5 15.
Rb1 Qa4 16. Rxb7 Qc2 17. Qxc2 Nxc2+ 18. Kd1 Nd4 19. Ne2 Ne6 20. Nc3 Be7 21. Nb5
Nd8 22. Rc7 Ne6 23. Rb7 Nd8 24. Rc7 Ne6 25. Rb7 Nd8 26. Rc7 Ne6 27. Rb7 Nd8 28.
Rc7 Ne6 29. Rb7 Nd8 30. Rc7 Ne6 1/2-1/2

[Event "36th ECC Open 2021"]
[Site "Struga MKD"]
[Date "2021.09.20"]
[Round "3.1"]
[Board "4"]
[White "Santos Latasa, Jaime"]
[Black "Kryvoruchko, Yuriy"]
[Result "1-0"]
[WhiteTitle "GM"]
[BlackTitle "GM"]
[WhiteElo "2627"]
[BlackElo "2689"]
[WhiteTeam "Silla-Valencia Origin of Chess"]
[BlackTeam "Alkaloid"]
[WhiteFideId "2293307"]
[BlackFideId "14109182"]
[EventDate "2021.09.18"]
[EventType "team"]

1. Nf3 Nf6 2. c4 e6 3. b3 b6 4. g3 Bb7 5. Bg2 d5 6. O-O Bd6 7. Bb2 O-O 8. cxd5
exd5 9. Nc3 a6 10. d3 Nbd7 11. Re1 Re8 12. Rc1 Rb8 13. e3 b5 14. d4 Qe7 15. Ne2
Ne4 16. Nf4 Rbc8 17. Nd3 f6 18. Re2 c6 19. Rec2 Rcd8 20. Bh3 Nb8 21. Qe1 Bc8 22.
Bxc8 Rxc8 23. Bc3 Nxc3 24. Rxc3 g5 25. Qe2 Qe4 26. Nc5 Qg4 27. Kg2 Kg7 28. Qd3
Rc7 29. Nd2 Rce7 30. b4 h5 31. a3 Qc8 32. h3 Rf7 33. e4 Bxc5 34. Rxc5 dxe4 35.
Nxe4 Qd8 36. g4 Nd7 37. R5c3 Nf8 38. Ng3 hxg4 39. hxg4 Ne6 40. Nf5+ Kg8 41. Nh6+
Kg7 42. Nxf7 Nf4+ 43. Kf1 Rh8 44. Kg1 Kxf7 45. Qe4 Re8 46. Qh7+ Kf8 47. Rxc6
Ne2+ 48. Kf1 Nxc1 49. Rc7 Qxc7 50. Qxc7 Nd3 51. d5 Re1+ 52. Kg2 Nf4+ 53. Kf3 Ng6
54. Qb8+ Kg7 55. Qb7+ Re7 56. Qxa6 Nh4+ 57. Kg3 Rc7 58. d6 Rc3+ 59. Kh2 Rd3 60.
Qb7+ Kh6 61. Qf7 1-0

[Event "36th ECC Open 2021"]
[Site "Struga MKD"]
[Date "2021.09.20"]
[Round "3.1"]
[Board "5"]
[White "Inarkiev, Ernesto"]
[Black "Alonso Rosell, Alvar"]
[Result "1-0"]
[WhiteTitle "GM"]
[BlackTitle "GM"]
[WhiteElo "2663"]
[BlackElo "2566"]
[WhiteTeam "Alkaloid"]
[BlackTeam "Silla-Valencia Origin of Chess"]
[WhiteFideId "4162722"]
[BlackFideId "2270544"]
[EventDate "2021.09.18"]
[EventType "team"]

1. d4 Nf6 2. c4 e6 3. Nf3 d5 4. g3 dxc4 5. Bg2 a6 6. Ne5 Bb4+ 7. Nc3 Nd5 8. Bd2
Nb6 9. Ne4 Be7 10. Ba5 N8d7 11. Qc2 Nxe5 12. dxe5 Qd7 13. Bxb6 Bb4+ 14. Kf1 cxb6
15. Qxc4 Qb5 16. Qc7 O-O 17. Rd1 Bc5 18. b3 Ba3 19. f4 a5 20. Bf3 a4 21. Kg2
axb3 22. axb3 Kh8 23. Rd8 Bd7 24. Qxd7 1-0

[Event "36th ECC Open 2021"]
[Site "Struga MKD"]
[Date "2021.09.20"]
[Round "3.1"]
[Board "6"]
[White "Henderson de La Fuente, Lance"]
[Black "Predke, Alexandr"]
[Result "1/2-1/2"]
[WhiteTitle "GM"]
[BlackTitle "GM"]
[WhiteElo "2491"]
[BlackElo "2662"]
[WhiteTeam "Silla-Valencia Origin of Chess"]
[BlackTeam "Alkaloid"]
[WhiteFideId "32096585"]
[BlackFideId "24107581"]
[EventDate "2021.09.18"]
[EventType "team"]

1. e4 e5 2. Nf3 Nc6 3. Nc3 Nf6 4. d4 exd4 5. Nxd4 Bb4 6. Nxc6 bxc6 7. Bd3 d5 8.
exd5 cxd5 9. O-O O-O 10. h3 c6 11. Qf3 Rb8 12. Bf4 Bd6 13. b3 Rb4 14. Bxd6 Qxd6
15. Qg3 Qd8 16. Qf3 Rb7 17. Ne2 c5 18. Rad1 Re7 19. Nf4 Re5 20. Rfe1 Qc7 21.
Rxe5 Qxe5 22. Bf1 d4 23. Bc4 Re8 24. Nd3 Qc7 25. Qg3 Qxg3 26. fxg3 Ne4 27. Re1
Kf8 28. g4 h6 29. a4 a5 30. Bd5 Nc3 31. Rxe8+ Kxe8 32. Bc4 Ne4 33. Bd5 Nc3 34.
Bc4 Ne4 35. Bd5 Nc3 1/2-1/2

[Event "36th ECC Open 2021"]
[Site "Struga MKD"]
[Date "2021.09.20"]
[Round "3.2"]
[Board "2"]
[White "Esipenko, Andrey"]
[Black "Dudin, Gleb"]
[Result "1-0"]
[WhiteTitle "GM"]
[BlackTitle "IM"]
[WhiteElo "2720"]
[BlackElo "2434"]
[WhiteTeam "Mednyi Vsadnik"]
[BlackTeam "Prilep"]
[WhiteFideId "24175439"]
[BlackFideId "34184934"]
[EventDate "2021.09.18"]
[EventType "team"]

1. e4 e5 2. Nf3 Nc6 3. d4 exd4 4. Nxd4 Bc5 5. Nb3 Bb6 6. Nc3 Nge7 7. a4 a6 8.
Nd5 Nxd5 9. exd5 Qf6 10. Qe2+ Ne7 11. h4 h6 12. Bd2 O-O 13. a5 Ba7 14. Bc3 Qd6
15. O-O-O Nxd5 16. Rxd5 Qxd5 17. Qg4 g6 18. Qf4 Kh7 19. Bd3 f5 20. Bd2 1-0

[Event "36th ECC Open 2021"]
[Site "Struga MKD"]
[Date "2021.09.20"]
[Round "3.2"]
[Board "3"]
[White "Boskovic, Drasko"]
[Black "Matlakov, Maxim"]
[Result "0-1"]
[WhiteTitle "IM"]
[BlackTitle "GM"]
[WhiteElo "2457"]
[BlackElo "2683"]
[WhiteTeam "Prilep"]
[BlackTeam "Mednyi Vsadnik"]
[WhiteFideId "927368"]
[BlackFideId "4168003"]
[EventDate "2021.09.18"]
[EventType "team"]

1. e4 e5 2. Nf3 Nc6 3. Bc4 Nf6 4. d3 h6 5. O-O d6 6. c3 g5 7. Bb3 Bg7 8. Nbd2 a5
9. a4 Bd7 10. Nc4 Be6 11. Re1 g4 12. Nfd2 h5 13. Nf1 d5 14. Nce3 dxe4 15. Bxe6
fxe6 16. Qb3 Qd7 17. dxe4 O-O-O 18. Nc4 Qd3 19. Be3 h4 20. Rad1 Qxe4 21. Bb6 Qf4
22. Bxc7 Kxc7 23. Qb6+ Kc8 24. Nd6+ Rxd6 25. Rxd6 Nd5 26. Rxc6+ bxc6 27. Qxc6+
Nc7 28. Re4 Qf7 29. Rc4 Rf8 30. Qa8+ Kd7 31. Qa7 Kc8 32. Qa8+ Kd7 33. Qa7 Kc8
34. b4 e4 35. Qa8+ Kd7 36. Qa7 Be5 37. Rxe4 Qf5 38. Re2 g3 39. Rd2+ Kc8 40. Ne3
gxf2+ 41. Kf1 Qe4 42. Qc5 Rf5 43. Rd1 h3 0-1